|
|
|
|
| LEADER |
00000nam0a2200000 4500 |
| 001 |
259382 |
| 005 |
20231101233400.0 |
| 035 |
|
|
|a (RuTPU)RU\TPU\book\282324
|
| 090 |
|
|
|a 259382
|
| 100 |
|
|
|a 20140508d1953 km y0rusy50 ca
|
| 101 |
0 |
|
|a rus
|
| 102 |
|
|
|a RU
|
| 105 |
|
|
|a a z 000zy
|
| 200 |
1 |
|
|a Радиоактивность
|f К. Б. Заборенко
|g под ред. В. И. Баранова
|
| 210 |
|
|
|a Москва
|c Гостехтеоретиздат
|d 1953
|
| 215 |
|
|
|a 64 с.
|c ил.
|
| 225 |
1 |
|
|a Научно-популярная библиотека
|v Вып. 54
|
| 606 |
1 |
|
|a Радиоактивность
|2 stltpush
|3 (RuTPU)RU\TPU\subj\22349
|9 47123
|
| 610 |
1 |
|
|a урановые лучи
|
| 610 |
1 |
|
|a радий
|
| 610 |
1 |
|
|a полоний
|
| 610 |
1 |
|
|a открытие
|
| 610 |
1 |
|
|a получение
|
| 610 |
1 |
|
|a свойства
|
| 610 |
1 |
|
|a радиоактивное излучение
|
| 610 |
1 |
|
|a атомы
|
| 610 |
1 |
|
|a строение
|
| 610 |
1 |
|
|a радиоактивное равновесие
|
| 610 |
1 |
|
|a открытия
|
| 610 |
1 |
|
|a деление
|
| 610 |
1 |
|
|a атомная энергия
|
| 610 |
1 |
|
|a освобождение
|
| 675 |
|
|
|a 539.16
|v 3
|
| 700 |
|
1 |
|a Заборенко
|b К. Б.
|
| 702 |
|
1 |
|a Баранов
|b В. И.
|4 340
|
| 801 |
|
1 |
|a RU
|b 63413507
|c 20140508
|
| 801 |
|
2 |
|a RU
|b 63413507
|c 20160225
|g RCR
|
| 942 |
|
|
|c BK
|